01342nam a22003137a 4500003000400000005001700004008004100021010001900062024001800081035001900099040001300118082001500131245015600146260006000302300005700362440006000419500007600479500010000555500002700655538008800682538012900770650001900899700001800918700001600936700001900952700001700971700002300988700001701011dpl20080911114410.0080911t xxu||||| |||| 00| 0 eng d aDVD-000753-755 2A1538c499.00 aDVD-000753-755 aDPLcDPL aDVD / COUN aThe Count of Monte Cristo :cTouchstone Pictures and Spyglass Entertainment Presentsh[videorecording] (DVD) /bPrepare for Adventure, Count on Revenge bTouchstone Pictures and Spyglass Entertainment Presents a1 videodiscs (130 min.):bsd., col.;c4 3/4 in.fDVD aTouchstone Pictures and Spyglass Entertainment Presents aSole Distributor in India M/s Excel Productions Audio Visuals Pvt. Ltd. aSpecial Features: An Epic Reborn, Deleted Scenes, En Grade Multi-Angle Dialies, Audio Comentary aDVD is copy protectaed aDolby Digital 5.1-English, Thai Subtitles- English, Thai, Bahasha, Korean, Mandarin aAspect Ratio:1.85.1, Presentation Type: Wide Screen, Presentation Size 16x9, Formation: DVD 9- Dual Layer Single sided Disc, 2Motion Picture aCaviezel, Jim aPearce, Guy aHarris,Richard aFrain, James aDominczyk, Dagmara aGuzman, Luis